| 000 | 00551nam a22001937a 4500 | ||
|---|---|---|---|
| 003 | OSt | ||
| 005 | 20220107122837.0 | ||
| 008 | 180301b xxu||||| |||| 00| 0 eng d | ||
| 020 | _a9788126559770 | ||
| 040 | _cIIITMK | ||
| 082 | _a006.312 SIE/P | ||
| 100 |
_aSiegel, Eric _913742 |
||
| 245 |
_aPredictive analytics: _bThe power to predict who will click, buy, lie or die |
||
| 260 |
_aNew Delhi, _bJohn Wiley & Sons, _c2016. |
||
| 300 | _axix, 332p. | ||
| 650 |
_aPREDICTIVE ANALYTICS _913811 |
||
| 650 |
_aCOMPUTER SCIENCE _913812 |
||
| 942 |
_2ddc _cBK |
||
| 999 |
_c5992 _d5992 |
||